00391nam a2200133Ia 450000500170000000800410001708200130005824500630007126000580013430000150019265000170020765000170022470000160024120240610050126.0240331s9999 xx 000 0 und d bVALa323 4aThe value of dissent :bcivil rights movement of Sri Lanka aColombobThe Civil Rights Movement Of Sri Lankac1992 av, 20 p ., aCivil Rights aHuman Rights aACRM. eedt